Estadísticas para Capitales de EE. UU.

Haz click aquí para intentar la prueba.

Estadísticas generales

  • Esta prueba ha sido intentada 2.001 veces
  • La puntuación promedio es 24 de 50

Estadísticas de respuestas

EstadoCapital% Correcto
CaliforniaSacramento
79%
MassachusettsBoston
77%
HawáiHonolulu
72%
GeorgiaAtlanta
71%
TexasAustin
71%
ColoradoDenver
71%
IndianaIndianápolis
70%
ArizonaPhoenix
67%
UtahSalt Lake City
62%
Nueva YorkAlbany
61%
OklahomaOklahoma City
60%
AlaskaJuneau
55%
FloridaTallahassee
54%
OhioColumbus
52%
Nuevo MéxicoSanta Fe
52%
IllinoisSpringfield
52%
MisisipiJackson
51%
TennesseeNashville
50%
LuisianaBaton Rouge
48%
OregónSalem
48%
AlabamaMontgomery
47%
IdahoBoise
45%
IowaDes Moines
45%
MontanaHelena
45%
Carolina del SurColumbia
44%
ArkansasLittle Rock
44%
Carolina del NorteRaleigh
44%
Dakota del NorteBismarck
42%
NevadaCarson City
42%
MinnesotaSaint Paul
42%
WashingtonOlympia
41%
VirginiaRichmond
41%
KansasTopeka
41%
NebraskaLincoln
40%
Dakota del SurPierre
40%
Virginia OccidentalCharleston
39%
MarylandAnnapolis
38%
MaineAugusta
38%
WyomingCheyenne
38%
DelawareDover
38%
KentuckyFrankfort
37%
Rhode IslandProvidence
37%
PensilvaniaHarrisburg
35%
ConnecticutHartford
35%
MisuriJefferson City
35%
MíchiganLansing
35%
VermontMontpelier
35%
Nueva JerseyTrenton
35%
WisconsinMadison
34%
Nuevo HampshireConcord
33%

Distribución de puntuación

Porcentaje por número respondido

Porcentaje de gente con cada puntuación

Historial de tus puntuaciones

No has intentado esta prueba.